Fr. Conceicao Rodrigues College of Engineering

Mathematical Handbook : Formulas & Tables (Record no. 19570)

MARC details
000 -LEADER
fixed length control field 00325nam a2200145Ia 4500
082 ## - DEWEY DECIMAL CLASSIFICATION NUMBER
Classification number 511
Item number SPI
100 ## - MAIN ENTRY--PERSONAL NAME
Personal name Spiegel/ Murray/R
245 ## - TITLE STATEMENT
Title Mathematical Handbook : Formulas & Tables
260 ## - PUBLICATION, DISTRIBUTION, ETC.
Name of publisher, distributor, etc. Schaums outline series
Date of publication, distribution, etc. 1968
300 ## - PHYSICAL DESCRIPTION
Extent 271
546 ## - LANGUAGE NOTE
Language note ENGLISH
654 ## - SUBJECT ADDED ENTRY--FACETED TOPICAL TERMS
Focus term Handbook
942 ## - ADDED ENTRY ELEMENTS (KOHA)
Koha item type BOOK
Holdings
Withdrawn status Lost status Damaged status Not for loan Collection Home library Current library Date acquired Total Checkouts Full call number Barcode Date last seen Price effective from Koha item type
        CRC Fr. Agnel's C.Rodrigues College of Engineering Fr. Agnel's C.Rodrigues College of Engineering 17/03/2023   511 SPI 11665 17/03/2023 17/03/2023 BOOK
        CRC Fr. Agnel's C.Rodrigues College of Engineering Fr. Agnel's C.Rodrigues College of Engineering 17/03/2023   511 SPI 11666 17/03/2023 17/03/2023 BOOK
        CRC Fr. Agnel's C.Rodrigues College of Engineering Fr. Agnel's C.Rodrigues College of Engineering 17/03/2023   511 SPI 11667 17/03/2023 17/03/2023 BOOK
        CRC Fr. Agnel's C.Rodrigues College of Engineering Fr. Agnel's C.Rodrigues College of Engineering 17/03/2023   511 SPI 11668 17/03/2023 17/03/2023 BOOK